000 00554nam a22001817a 4500
003 CEME
005 20210628202833.0
008 210203b xxu||||| |||| 00| 0 eng d
020 _a0-8493-1564-6
040 _c.
082 _a621.38412 COM
100 _aGolio, Mike
_961887
245 _aCommercial wireless circuits and compomonents hand book
260 _aLAHORE
_bCRC PRESS
_c2002
300 _a380P
650 _aRADIO CIRCUITS HANDBOOKS MANUALS, WIRELESS COMMUNICATION SYSTEMS EQUIPM;ENT AND SUPPLIES HANDBOOK MANUAL
_961888
942 _cBK
_2ddc
999 _c571182
_d571182